00337nam a2200145Ia 4500008004000000041000800040082001100048100001900059245002400078260003500102300000800137650001400145650001400159700001800173210210b1948 xxu||||| |||| 00| 0 eng d aeng a543/53 aTHORNE (P C L) aInorganic chemistry aLondonbGurney & Jacksonc1948 a939 aInorganic achemistry aROBERTS (E R)